Quizzes
Events
Quiz Creation
Community
Videos
Private Events
Remove Ads
Sign In
Join for FREE
Feedback
Dark Mode
Quiz Categories
Sports
Geography
Music
Movies
Television
Just For Fun
Miscellaneous
History
Literature
Language
Science
Gaming
Entertainment
Religion
Holiday
For Kids
Quiz Lab
Recent
Popular Today
Quiz Kudos Today
Editor Picks
Curator Picks
Quizzes by...
Day
Popularity
Type
Ratings
Length
Year
Community
Subscriptions
Recent Discussions
Orange Saloon
Badges
Playlists
Quests
Create
Leaderboards
Showdown
Live 5
Trivia Bingo
Activity
Puzzle Library
Sporcle Events
Private Events
Virtual Trivia
Globe League
Become a Host
Pub Owners
SporcleCon
Opinionation
Our Games
Videos
Blog
Mobile Apps
Partnerships
Remove Ads and Go Orange
Feedback
Literature
Harry Potter
A Song of Ice and Fire
The Hunger Games
Literary Character
Shakespeare
Book
Author
Novel
Poem
Young Adult
Children's Books
Play
Lord of the Rings
Literature
Harry Potter
A Song of Ice and Fire
The Hunger Games
Literary Character
Shakespeare
Book
Author
Novel
Poem
Young Adult
Children's Books
Play
Lord of the Rings
Random Quiz
Search Sporcle
×
Quiz Lab
Quiz Lab
Literature
Harry Potter
Type in answers that appear in a list
Type in answers that appear in a list
Classic
Best Score? Go Orange.
Harry Potter Places A-Z (N.E.W.T level) Stats
Can you name the Harry Potter Places A-Z (N.E.W.T level)?
By
buffaloboy114
9m
26 Questions
2,536 Plays
2,536 Plays
2,536 Plays
Comments
Comments
Give Quiz Kudos
Give Quiz Kudos
-
- Ratings
hide this ad
Replay
Link that replays current quiz
Next Quiz
Link to next quiz in quiz playlist
You Got
0%
They Got
Avg Score
60%
Avg Friend Score
Upgrade to see
Score Distribution
Jump to the score distribution portion of the page
Score
0/26
Timer
09:00
0
Plays Today
A Clue from You-Know-Who
Fill in the Blanks or Get Attacked by Cr
% Correct
Where Harry first meets the Weasleys
King's Cross Station
85.9%
Store where Merope Gaunt gets ripped off when she sells her last family heirloom.
Borgin and Burkes
85.8%
Home of the winning team of the 1994 Quidditch World Cup
Ireland
85%
Place that Dobby (NOT Neville...) recommends as the headquarters for Dumbledore’s Army
Room of Requirement
83.5%
Harry first enters Hogsmeade through the basement of this store
Honeydukes
79.7%
Place where Sirius dies
Department of Mysteries
79.5%
Store where Hogwarts students buy Fanged Frisbees and Screaming Yo-
yos
Zonko’s Joke Shop
78.5%
Site of the maze for the Triwizard Tournament
Quidditch pitch
77.6%
Home of the albino peacocks (and former home of Harry’s tea cozy-
wearing friend)
Malfoy Manor
75.2%
Harry alerts the Ministry to the presence of intruders by stealing an eyeball from the door of this room
Umbridge's office
71.9%
Place where Snape fulfills the Unbreakable Vow and his promise to Dumbledore
Astronomy Tower
71.3%
Woodsy area where Harry finds Gryffindor’s sword at the bottom of a pool
Forest of Dean
70.2%
Firm where Vernon Dursley works
Grunnings
65.7%
A Clue from You-Know-Who
Fill in the Blanks or Get Attacked by Cr
% Correct
Town where Harry witnesses the murder of Frank Bryce at the hands of Lord Voldemort
Little Hangleton
62.6%
Home of Lily Potter’s first wizard friend
Spinner's End
61.6%
Store where Arnold the Pygmy Puff is purchased
Weasley’s Wizard Wheezes
58.7%
Town near the home of Harry’s red-
headed friends
Ottery St. Catchpole
58.6%
Prison that held the wizard whose slogan was “For the Greater Good”
Nurmengard
57.2%
Store where Hagrid bought Harry his pet owl Hedwig
Eeylop’s Owl Emporium
54.8%
Place where the Quibbler is produced
Xenophilius Lovegood's House
50.2%
The first place that Harry, Ron, and Hermione Apparate to after leaving Fleur and Bill’s wedding
Tottenham Court Road
47.2%
Place of origin of a pudding commonly found at Hogwarts feasts
Yorkshire
40.7%
Location of Harry’s trial before the Wizengamot
Courtroom 10
27.2%
Street that is the home of the variety store where Tom Riddle bought his diary
Vauxhall Road
14.6%
Place in Diagon Alley where the Weasleys and Harry find Percy reading Prefects Who Gained Power
Junk shop
12%
Vacant department store that serves as the entrance to St. Mungo’s Hospital for Magical Maladies and Injuries
Purge and Dowse Ltd.
8%
Quiz Playlist
Details
Report
Send in Message
Add To Playlist
Classic:
Type in answers that appear in a list
Last Updated: Jun 5, 2017
Quiz Scoreboard
CHALLENGE
Sign Up to Join the Scoreboard
Show All
Scores
Hide
Comments
May contain spoilers
Recently Published
Presidents Visiting Landmarks
by Hejman
History
7m
An Introduction to Baseball
by treessimontrees
Sports
5m
Movies - When Are They Set?
by FPL_Elf
Movies
5m
More to Explore
Quiz From the Vault
Featured Blog Post
Where Did the Easter Bunny Come From?
hide this ad
You Might Also Like...
Tags
Harry Potter Quiz
Today's Top Quizzes in Literature
Browse Literature
hide this ad
Today's Top Quizzes in Harry Potter
Browse Harry Potter
Top Contributed Quizzes in Literature
1
Sneaky Slytherin Logic Puzzle
2
Get The Picture: Black or White Literature
3
5-to-1: Plays
4
A Court of Thorns and Roses (ACoTaR) Logic Puzzle
5
One Thing in Common: Literature
6
One Thing in Common: Books
7
One Thing in Common: Literature 3
8
One Thing in Common: Literature II
9
Harry Potter Neighbourly Logic Puzzle #5
10
Harry Potter Neighbourly Logic Puzzle #6
Explore More
Trending Topics
Anime
NBA
Kpop
Disney
Marvel
Harry Potter
Crossword
Country
Soccer
NFL
Pokémon
Song
The Office
WWE
Puzzle
hide this ad
More By:
buffaloboy114
Quiz
Plays
Rating
Category
Featured
Created
Harry Potter Places A-Z (N.E.W.T level)
2,536
4.27
Literature
Jan 1, 2011
Go to Creator's Profile
Score Distribution
Quiz Creator Spotlight
buffaloboy114
Follow
Send a Message
Quizzes Created
-
Created Quiz Play Count
-
More By This Creator
Popular Quizzes Today
1
Find the US States - No Outlines Minefield
2
Find the Countries of Europe - No Outlines Minefield
3
The Countries of the World
4
Find the US States
5
Popular People in 1961
6
US States
7
Risky Map Clicking: Biggest States A-Z
8
Movies - When Are They Set?
More Literature Quizzes
Get The Picture: Scrooge or Grinch?
Editor's Pick
Trending Quizzes
Risky Map Clicking: Least Populous States A-Z
1-10 Letter G Words
1-10 Letter F Words
Risky Map Clicking: Next State Alphabetically
Risky Map Clicking: Biggest States A-Z
Recently Updated
Leaping Animals
pecheneg
Reality TV Shows (A-Z)
bhenderson79
Rickey Henderson's Hall of Fame Teammates
pecheneg
Champions League XIs: Arsenal
pecheneg
Quick Pick: Celebrities in WWE's Hall of Fame
aduchscher
A-Z Keypad Blitz II
pecheneg
Multiple Oscar Actors
pecheneg
Mystery Phrase Blitz: Oscar 'Best Actors'
pecheneg
F. Scott Fitzgerald Novels
LTH
Pick 3 Villains
ddd62291
Trending Topics
Marvel
Kpop
Crossword
Disney
Anime
NBA
Harry Potter
Pokémon
Country
WWE
Song
NFL
Puzzle
Soccer
The Office
Your Account Isn't Verified!
In order to create a playlist on Sporcle, you need to verify the email address you used during registration. Go to your
Sporcle Settings
to finish the process.
Report this User
Report this user for behavior that violates our
Community Guidelines
.
Details:
Send Report
Go to the Sporcle.com Mobile Site →
Comments